[Event "SRB-chT 1st League Women 2018"]
[Site "Zajecar"]
[Date "2018.09.03"]
[Round "4"]
[White "Petrovic, Danijela"]
[Black "Rapport, Jovana"]
[Result "0-1"]
[WhiteElo "1996"]
[BlackElo "2348"]
[Annotator "NA"]
[PlyCount "74"]
[EventDate "2018.08.31"]
[EventType "team-tourn"]
[EventCountry "SRB"]
[SourceTitle "playchess.com"]
[Source "ChessBase"]
[SourceQuality "1"]
[TimeControl "40/5400+30:1800+30"]

1. e4 {[%emt 0:00:00]} c6 {[%emt 0:00:00]} 2. d4 {[%emt 0:00:00]} d5 {[%emt 0:00:00]} 3. exd5 {[%emt 0:00:32]} cxd5 {[%emt 0:00:00]} 4. Nf3 {[%emt 0:00:52]} Nf6 {[%emt 0:00:00]} 5. Bb5+ {[%emt 0:01:21]} Bd7 {[%emt 0:04:15] B13: Caro-Kann: Exchange Variation and Panov-Botvinnik Attack} 6. Bxd7+ {[%emt 0:01:00]} (6. Bd3 Bg4 7. c3 Nc6 8. Bf4 a6 9. Nbd2 e6 10. Qe2 Be7 11. a4 Bh5 12. O-O O-O 13. b4 a5 14. b5 Na7 15. Qe3 Nc8 16. Ne5 {0-1 (50) Sonis,F (2241)-Gustafsson,J (2640) Porto Mannu 2015}) 6... Nbxd7 {[%emt 0:01:45]} 7. O-O {[%emt 0:01:31]} Qc7 {[%emt 0:00:09]} 8. Re1 {[%emt 0:02:19]} e6 {[%emt 0:00:20]} 9. Bg5 {[%emt 0:06:17]} Bd6 {[%emt 0:03:23]} 10. Nbd2 {[%emt 0:02:49]} b5 $146 {[%emt 0:10:11]} ({Predecessor:} 10... O-O 11. c3 b5 12. Qe2 Rab8 13. Ne5 b4 14. c4 dxc4 15. Qxc4 Rbc8 16. Qxc7 Rxc7 {0-1 (58) Prpic,I (2031)-Franciskovic,B (2263) Rijeka 2013}) 11. Rc1 {[%emt 0:06:48]} O-O {[%emt 0:00:59]} 12. Qe2 {[%emt 0:01:54]} b4 {[%emt 0:02:10]} 13. c4 {[%emt 0:04:10]} dxc4 {[%emt 0:10:23]} 14. Nxc4 {[%emt 0:02:24]} h6 {[%emt 0:00:54]} 15. Nce5 {[%emt 0:05:37]} Qb7 {[%emt 0:01:59]} 16. Bd2 {[%emt 0:07:37]} Nb6 {[%emt 0:01:23]} 17. Nc6 {[%emt 0:05:48]} Nbd5 {[%emt 0:02:31]} 18. Nfe5 {[%emt 0:02:05]} (18. Na5 $5 {[%cal Ra5b7]} Qe7 19. Qa6 $11) 18... a5 {[%emt 0:05:29]} 19. Qd3 {[%emt 0:03:15]} Rfc8 {[%emt 0:02:16]} 20. a3 {[%emt 0:09:45]} Ra6 {[%emt 0:06:51]} 21. axb4 {[%emt 0:12:11]} axb4 {[%emt 0:00:51]} ({Stronger than} 21... Raxc6 22. Nxc6 Rxc6 23. Rxc6 $11) 22. Ra1 {[%emt 0:02:52]} Raxc6 {[%emt 0:03:08]} 23. Nxc6 {[%emt 0:00:08]} Rxc6 {[%emt 0:00:09]} 24. Rec1 {[%emt 0:01:40]} Nf4 {[%emt 0:04:44]} 25. Bxf4 {[%emt 0:02:19]} Bxf4 {[%emt 0:00:29]} 26. Rc5 {[%emt 0:01:20]} Rxc5 {[%emt 0:05:52]} 27. dxc5 {[%emt 0:00:07]} Nd5 {[%emt 0:00:03]} 28. g3 {[%emt 0:01:06]} Be5 {[%emt 0:00:51]} 29. Qc2 {[%emt 0:02:29]} Qc6 $19 {[%emt 0:01:44]} 30. Ra5 {[%emt 0:02:53]} g6 {[%emt 0:01:01]} 31. b3 {[%emt 0:00:28]} Bc7 {[%emt 0:00:39]} 32. Ra4 {[%emt 0:01:42]} Bb6 {[%emt 0:05:59]} 33. Qb2 {[%emt 0:06:56]} Bxc5 {[%emt 0:00:29]} 34. Qa1 {[%emt 0:00:19]} Nc3 {[%emt 0:02:36]} 35. Ra8+ {[%emt 0:00:41]} Kg7 {[%emt 0:02:46]} 36. Qa5 {[%emt 0:00:21]} Qd5 {[%emt 0:01:54]} 37. h3 {[%emt 0:02:29]} Qd4 {[%emt 0:00:51]} 0-1

[Event "SRB-chT 1st League Women 2018"]
[Site "Zajecar"]
[Date "2018.09.03"]
[Round "4"]
[White "Matkovic, Simana"]
[Black "Vuckovic, Jovana"]
[Result "1-0"]
[WhiteElo "1937"]
[BlackElo "1992"]
[Annotator "NA"]
[PlyCount "85"]
[EventDate "2018.08.31"]
[EventType "team-tourn"]
[EventCountry "SRB"]
[SourceTitle "playchess.com"]
[Source "ChessBase"]
[SourceQuality "1"]
[TimeControl "40/5400+30:1800+30"]

1. d4 {[%emt 0:00:00]} Nf6 {[%emt 0:00:00]} 2. Nf3 {[%emt 0:00:13]} d6 {[%emt 0:00:00]} 3. Bf4 {[%emt 0:00:29]} g6 {[%emt 0:00:01]} 4. e3 {[%emt 0:00:22]} Bg7 {[%emt 0:00:07]} 5. Be2 {[%emt 0:00:32]} Nbd7 {[%emt 0:00:14]} 6. O-O {[%emt 0:01:17]} O-O {[%emt 0:00:20]} 7. h3 {[%emt 0:04:56]} Qe8 {[%emt 0:01:07]} 8. c4 {[%emt 0:06:06]} e5 {[%emt 0:01:27]} 9. Bh2 {[%emt 0:01:02]} Ne4 {[%emt 0:00:38]} 10. Qd3 {[%emt 0:08:22] A48: 1 d4 Nf6 2 Nf3 g6: Torre, London and Colle Systems} f5 {[%emt 0:16:10]} 11. Nc3 {[%emt 0:02:28]} Nxc3 {[%emt 0:02:24]} 12. Qxc3 {[%emt 0:06:53]} c5 $146 {[%emt 0:18:13]} ({Predecessor:} 12... b6 13. Rfe1 Bb7 14. b4 a5 15. c5 axb4 16. Qc4+ d5 17. Qxb4 Qe7 {1-0 (33) Palchun,G (2263)-Tseitlin,M (2399) St Petersburg 2013}) 13. dxe5 {[%emt 0:08:13]} dxe5 {[%emt 0:03:00]} 14. Qc2 {[%emt 0:00:19]} e4 {[%emt 0:02:49]} 15. Nd2 {[%emt 0:01:55]} Ne5 {[%emt 0:03:54]} 16. Rad1 {[%emt 0:00:28]} Be6 {[%emt 0:01:12]} 17. Nb1 {[%emt 0:00:42]} Qe7 {[%emt 0:07:39]} 18. b3 {[%emt 0:01:31]} Rad8 {[%emt 0:04:06]} 19. Nc3 {[%emt 0:00:50]} g5 {[%emt 0:08:53]} 20. Nd5 {[%emt 0:10:31]} Qf7 {[%emt 0:00:34]} 21. Rd2 {[%emt 0:03:03]} h5 {[%emt 0:03:45]} 22. Rfd1 {[%emt 0:00:53]} g4 $16 {[%emt 0:05:28]} (22... h4 $11 {keeps the balance.}) 23. hxg4 {[%emt 0:01:35]} fxg4 {[%emt 0:06:29]} 24. Bg3 {[%emt 0:14:40]} Bf5 {[%emt 0:08:03]} 25. Bh4 {[%emt 0:05:03]} Rde8 {[%emt 0:01:55]} 26. Nf4 {[%emt 0:01:17]} Bh6 {[%emt 0:01:16]} 27. g3 {[%emt 0:10:49]} Nf3+ {[%emt 0:01:12]} 28. Bxf3 {[%emt 0:01:27]} exf3 {[%emt 0:00:02]} 29. Qc3 {[%emt 0:01:55]} Bg7 {[%emt 0:00:25]} 30. Qc1 {[%emt 0:00:37]} Bf6 {[%emt 0:00:44]} 31. Bxf6 {[%emt 0:02:31]} Qxf6 {[%emt 0:00:01]} 32. Rd6 {[%emt 0:00:40]} Qf7 {[%emt 0:01:06]} 33. Rh6 {[%emt 0:01:39]} Rd8 {[%emt 0:01:41]} 34. Rxh5 {[%emt 0:00:50]} Qf6 {[%emt 0:00:38]} 35. Rd5 {[%emt 0:00:53]} Rxd5 {[%emt 0:00:47]} 36. Nxd5 {[%emt 0:00:38]} Qg7 {[%emt 0:00:33]} 37. e4 {[%emt 0:00:55]} Bxe4 {[%emt 0:00:53]} 38. Rg5 {[%emt 0:00:10]} Bg6 {[%emt 0:00:01]} 39. Rxg6 {[%emt 0:00:20]} Qxg6 {[%emt 0:00:06]} 40. Ne7+ {[%emt 0:00:00]} Kg7 {[%emt 0:00:00]} 41. Nxg6 {[%emt 0:00:20]} Kxg6 {[%emt 0:00:05]} 42. Qc2+ {[%emt 0:00:30]} Kg5 {[%emt 0:00:39]} 43. Qd2+ {[%emt 0:00:13]} 1-0

[Event "SRB-chT 1st League Women 2018"]
[Site "Zajecar"]
[Date "2018.09.03"]
[Round "4"]
[White "Vuckovic, Lidija"]
[Black "Gajcin, Jasmina"]
[Result "1/2-1/2"]
[WhiteElo "1834"]
[BlackElo "1910"]
[Annotator "NA"]
[PlyCount "22"]
[EventDate "2018.08.31"]
[EventType "team-tourn"]
[EventCountry "SRB"]
[SourceTitle "playchess.com"]
[Source "ChessBase"]
[SourceQuality "1"]
[TimeControl "40/5400+30:1800+30"]

1. d4 {[%emt 0:00:00]} Nf6 {[%emt 0:00:00]} 2. Nf3 {[%emt 0:00:00]} g6 {[%emt 0:00:00]} 3. Bf4 {[%emt 0:00:08]} Bg7 {[%emt 0:01:00]} 4. c3 {[%emt 0:00:35]} d6 {[%emt 0:01:01]} 5. e3 {[%emt 0:01:26]} O-O {[%emt 0:00:31]} 6. Bc4 {[%emt 0:01:28]} c5 {[%emt 0:01:18]} 7. dxc5 {[%emt 0:01:25]} dxc5 {[%emt 0:00:08]} 8. Qxd8 {[%emt 0:02:41]} Rxd8 {[%emt 0:00:06]} 9. Nbd2 {[%emt 0:03:12]} Nc6 {[%emt 0:01:32]} 10. Ne5 {[%emt 0:07:12]} Nxe5 {[%emt 0:02:02]} 11. Bxe5 {[%emt 0:00:06]} Bf5 {[%emt 0:01:57]} 1/2-1/2

[Event "SRB-chT 1st League Women 2018"]
[Site "Zajecar"]
[Date "2018.09.04"]
[Round "5"]
[White "Atalik, Ekaterina"]
[Black "Bulmaga, Irina"]
[Result "1/2-1/2"]
[WhiteElo "2447"]
[BlackElo "2394"]
[Annotator "TA"]
[PlyCount "87"]
[EventDate "2018.08.31"]
[EventType "team-tourn"]
[EventCountry "SRB"]
[SourceTitle "playchess.com"]
[Source "ChessBase"]
[SourceQuality "1"]

{[%evp 24,87,14,0,4,-7,0,-26,-20,-53,-31,-40,-47,-58,-68,-76,-48,-75,-54,-160,-124,-152,-97,-97,-98,-120,-117,-141,-148,-166,-152,-152,-57,-65,-69,-62,-40,-80,-75,-74,-72,-83,-76,-101,-101,-101,-101,-133,-93,-191,-191,-192,-80,-98,-41,-41,-40,-47,-16,-16,0,0,0,0,0,0]} 1. d4 Nf6 2. c4 e6 3. Nf3 b6 4. a3 Bb7 5. Nc3 d5 6. cxd5 Nxd5 7. Qc2 Be7 8. e4 Nxc3 9. bxc3 O-O 10. Bd3 c5 11. O-O Qc7 12. Qe2 {E12: Queen's Indian: Unusual White 4th moves, 4 a3, 4 Nc3 Bb7 5 a3 and 4 Nc3 Bb7} Rd8 13. Rd1 {LiveBook: 3 Games} (13. Re1 Nd7 14. d5 exd5 15. exd5 Bf6 16. Ng5 Nf8 17. Qh5 h6 18. Ne4 Be5 19. Bxh6 Rxd5 {0-1 (36) Kazhgaleyev,M (2570)-Le,Q (2739) Ashkhabad 2017}) 13... h6 14. e5 Bf8 $146 ({Predecessor:} 14... Nd7 15. Be3 Rac8 16. Nd2 cxd4 17. cxd4 f5 18. Nf3 Nf8 {½-½ (37) Galje,H (2199)-Popov,V (2157) ICCF email 2015}) 15. Be3 Nc6 {[%cal Bb8c6,Bc6e7,Be7f5][%mdl 32]} 16. h4 Rac8 17. h5 cxd4 18. cxd4 Ne7 19. Nd2 Nf5 20. Qg4 Qd7 21. Nf3 (21. Ne4 $15 Kh8 22. a4) 21... Rc3 22. a4 Kh8 (22... Nxe3 $142 23. fxe3 Rdc8) 23. Bxf5 exf5 24. Qf4 Bd5 25. Rdc1 Rxc1+ 26. Rxc1 Be7 ({But not} 26... Qxa4 27. Qxf5 Kg8 28. Nd2 $17) 27. Nh4 Bg5 ({Resist} 27... Qxa4 28. Nxf5 Qd7 29. Nxe7 $15) ({Better is} 27... Be6 $17 28. Kh2 Bg5) 28. Qg3 $15 Bxh4 29. Qxh4 Kh7 30. Rc3 Rc8 $36 {[%mdl 2048] Black is really pushing.} 31. Rxc8 Qxc8 32. f3 Qd7 33. Qe1 Qxa4 34. Qb1 Qd7 35. g4 Be6 36. d5 (36. Kf2 $17 {keeps fighting.}) 36... Bxd5 $19 37. gxf5 Kg8 (37... Bxf3 $19 {is more deadly. Threatens to win with ...Kg8.} 38. e6 Qd6) 38. Qd3 Be6 ({Black should play} 38... b5 $17 {And now ...b4 would win.} 39. Bd2 Qd8) 39. Qxd7 $15 Bxd7 40. f6 gxf6 41. exf6 {The position is equal.} b5 42. Bxa7 b4 43. Bc5 b3 {[#] Strongly threatening ...b2.} 44. Ba3 {Precision: White = 30%, Black = 46%.} 1/2-1/2

[Event "SRB-chT 1st League Women 2018"]
[Site "Zajecar"]
[Date "2018.09.04"]
[Round "5"]
[White "Nechaeva, Marina"]
[Black "Bojkovic, Natasa"]
[Result "1/2-1/2"]
[WhiteElo "2419"]
[BlackElo "2384"]
[Annotator "TA"]
[PlyCount "84"]
[EventDate "2018.08.31"]
[EventType "team-tourn"]
[EventCountry "SRB"]
[SourceTitle "playchess.com"]
[Source "ChessBase"]
[SourceQuality "1"]

{[%evp 23,84,-4,16,-7,10,-3,-5,-8,13,11,19,23,30,27,29,8,18,0,0,-14,-14,-22,-9,-29,-8,-22,-13,-11,0,0,0,-8,-9,-10,0,-19,-19,-22,0,0,0,0,0,0,0,0,0,0,0,0,0,0,0,0,0,0,0,0,0,0,0,0,0]} 1. d4 Nf6 2. c4 e6 3. Nf3 Bb4+ 4. Bd2 a5 5. g3 b6 6. Bg2 Bb7 7. O-O O-O 8. Bf4 Be7 9. Nc3 Ne4 10. Qc2 Nxc3 11. Qxc3 d6 {[%cal Bd7d6,Bd6d5][%mdl 32] E16: Queen's Indian: 4 g3 Bb7 5 Bg2 Bb4+} (11... Be4 12. Rfd1 f5 13. d5 Bf6 14. Be5 Qe8 15. Bxf6 Rxf6 16. Bf1 Na6 17. Ne1 f4 18. Nf3 Bxf3 19. exf3 {0-1 (33) Almasi,Z (2682)-Fedorchuk,S (2648) Riadh 2017}) 12. Rfd1 Nd7 {LiveBook: 4 Games} 13. Qc2 Nf6 {[#]} 14. Ne1 $146 (14. Ng5 {keeps more tension.} Qc8 15. e4 e5 16. dxe5 dxe5 17. Bxe5 Ng4 18. Bf4) ({Predecessor:} 14. d5 e5 15. Bd2 Nd7 16. e4 Nc5 17. Ne1 Bc8 18. Nd3 Bg5 19. f4 exf4 20. gxf4 {½-½ (34) Soudny,J (2564)-Noble,M (2497) ICCF email 2007}) 14... Bxg2 15. Nxg2 c6 16. e4 {[%cal Be2e4,Be4e5][%mdl 32]} d5 17. e5 Nd7 18. Rac1 b5 19. cxb5 cxb5 20. Qc6 Nb6 21. b3 Ba3 22. Rb1 Qd7 23. Qc2 ({Don't go for} 23. Qxb6 $2 Rfb8 $19) 23... Rfc8 24. Qe2 {The position is equal.} Rc7 25. Ne1 Rac8 26. Bd2 Ra8 27. h4 Nc8 28. h5 h6 29. Be3 Na7 30. Nd3 Bf8 31. Rbc1 Rac8 32. Rxc7 Rxc7 33. Rc1 Rxc1+ 34. Bxc1 b4 35. Ne1 Nb5 36. Qd3 Qc6 37. Bd2 Be7 38. Kg2 Bd8 39. g4 Nc7 40. Nc2 Qb5 41. Qxb5 Nxb5 42. Kf3 Bb6 {Precision: White = 58%, Black = 69%.} 1/2-1/2

[Event "SRB-chT 1st League Women 2018"]
[Site "Zajecar"]
[Date "2018.09.04"]
[Round "5"]
[White "Gaponenko, Inna"]
[Black "Manakova, Maria"]
[Result "1-0"]
[WhiteElo "2410"]
[BlackElo "2242"]
[Annotator "TA"]
[PlyCount "77"]
[EventDate "2018.08.31"]
[EventType "team-tourn"]
[EventCountry "SRB"]
[SourceTitle "playchess.com"]
[Source "ChessBase"]
[SourceQuality "1"]

{[%evp 14,77,11,5,21,14,30,19,20,16,17,22,17,2,14,11,16,14,12,6,10,0,6,0,19,15,13,0,5,0,9,-14,0,-4,50,-8,-2,-2,0,0,0,0,1,0,75,80,75,78,460,391,377,369,476,496,490,385,357,347,544,544,522,529,493,479,746,689]} 1. e4 c5 2. Nc3 Nc6 3. Bb5 Nd4 4. Bc4 e6 5. Nge2 a6 6. a4 {B23: Closed Sicilian: Lines without g3} Ne7 7. O-O Nec6 8. d3 {LiveBook: 5 Games. The position is equal.} g6 9. Nxd4 cxd4 10. Ne2 Bg7 11. Rb1 $146 Rb8 12. Bf4 d6 13. c3 O-O 14. Qd2 b5 15. axb5 axb5 16. Bb3 Re8 17. Rfc1 Bb7 18. Bg3 Ba8 19. h3 Qd7 20. Bf4 Rbc8 21. Bg3 Bb7 22. Bf4 dxc3 23. bxc3 Ne7 (23... d5 $11) 24. c4 ({Better is} 24. Bh6 $14) 24... bxc4 $11 25. Bxc4 Bc6 26. Qb4 d5 27. Ba6 Ra8 28. Bb7 $36 {[%mdl 2048] White fights for an advantage.} Bxb7 (28... Rad8 $11 {keeps the balance.}) 29. Rc7 $16 Qd8 30. Qxb7 {[#] Black must now prevent Rd7.} ({Don't play} 30. Rxb7 $6 dxe4 31. Qxe4 (31. dxe4 Qd3 $11) 31... Nd5 $11) 30... Kf8 $2 {[%mdl 8192]} (30... Bf8 $16 {is a better chance.}) 31. Rd7 Qc8 32. Bd6 Bf6 33. e5 Bg5 34. Rc7 Qxb7 35. Rbxb7 Rac8 (35... Ra1+ $142 36. Kh2 Ra2) 36. Rxc8 $18 {White is clearly winning.} Rxc8 37. f4 Bh4 38. g3 Rc2 (38... Kg8 $142 39. Bxe7 Bxe7 40. Rxe7 Rc2) 39. Nd4 {Precision: White = 42%, Black = 46%.} 1-0

[Event "SRB-chT 1st League Women 2018"]
[Site "Zajecar"]
[Date "2018.09.04"]
[Round "5"]
[White "Salimova, Nurgyul"]
[Black "Prudnikova, Svetlana"]
[Result "1/2-1/2"]
[WhiteElo "2352"]
[BlackElo "2229"]
[Annotator "TA"]
[PlyCount "65"]
[EventDate "2018.08.31"]
[EventType "team-tourn"]
[EventCountry "SRB"]
[SourceTitle "playchess.com"]
[Source "ChessBase"]
[SourceQuality "1"]

{[%evp 21,65,22,30,2,8,-19,6,4,10,-4,0,4,3,0,0,0,0,-4,21,14,14,14,15,14,14,14,14,0,6,9,14,14,18,18,17,6,7,3,4,0,0,2,6,0,0,0]} 1. e4 e5 2. Nf3 Nc6 3. Bc4 Bc5 4. O-O Nf6 5. d3 d6 6. c3 a6 7. a4 h6 8. Na3 {C54: Giuoco Piano: 4 c3 Nf6, main lines with 5 d4 and 5 d3} (8. Re1 O-O 9. h3 a5 10. Nbd2 Be6 11. Bb5 Na7 12. d4 Nxb5 13. axb5 exd4 14. Nxd4 Bd7 15. Nf1 Re8 {½-½ (104) Vachier Lagrave,M (2789)-Karjakin,S (2782) Leuven 2018}) 8... O-O 9. b4 Ba7 10. h3 Re8 11. Re1 {[%cal Bf1e1,Be1e2,Be2a2][%mdl 32]} Be6 {LiveBook: 3 Games} 12. b5 axb5 {The position is equal.} 13. axb5 Nb8 $146 {White should prevent ...Bxc4.} ({Predecessor:} 13... Ne7 14. Bxe6 fxe6 15. Bd2 Ng6 {1-0 (31) Bulmaga,I (2387)-Rakhmangulova,A (2260) Calimanesti Caciulata 2016}) 14. Bxe6 Rxe6 15. Re2 Nbd7 16. Rea2 {[#] Hoping for Nc2.} Bc5 17. Qb3 Nb6 18. c4 Re8 19. Nc2 Qd7 (19... Rxa2 {keeps more tension.} 20. Rxa2 Nfd7 21. Ne3 Nf8 22. Bd2 Ne6) 20. Rxa8 Rxa8 21. Rxa8+ Nxa8 22. Be3 Bxe3 $1 23. Nxe3 Nb6 24. Nd2 Qe8 25. Qa3 Nfd7 26. Nb3 Qa8 27. Qxa8+ Nxa8 $11 {[%mdl 4096] Endgame KNN-KNN} 28. Nd5 Kf8 29. Kf1 c6 30. bxc6 bxc6 31. Nb4 c5 32. Nc6 Ndb6 33. Ke2 {Precision: White = 43%, Black = 58%.} 1/2-1/2

[Event "SRB-chT 1st League Women 2018"]
[Site "Zajecar"]
[Date "2018.09.04"]
[Round "5"]
[White "Rapport, Jovana"]
[Black "Velikic, Adela"]
[Result "1/2-1/2"]
[WhiteElo "2348"]
[BlackElo "2339"]
[Annotator "TA"]
[PlyCount "79"]
[EventDate "2018.08.31"]
[EventType "team-tourn"]
[EventCountry "SRB"]
[SourceTitle "playchess.com"]
[Source "ChessBase"]
[SourceQuality "1"]

{[%evp 11,79,-11,-6,-14,0,0,0,0,0,0,8,0,16,0,45,5,18,0,0,0,4,0,0,-35,-19,-28,-14,-15,-17,-6,-12,-22,-19,-46,-44,-36,6,0,0,0,0,-6,0,0,0,0,0,0,0,0,0,0,0,0,0,0,0,0,16,-8,0,0,15,0,0,0,0,0,0,0]} 1. c4 e6 2. e4 d5 3. exd5 exd5 4. cxd5 Nf6 5. Bb5+ {[%cal Bf1b5,Bb5a4,Ba4c2][%mdl 32]} Nbd7 6. Nc3 {C00: French: Unusual White 2nd moves} a6 {LiveBook: 8 Games} (6... Be7 7. Nf3 O-O 8. d4 Nb6 9. h3 Nbxd5 10. O-O Bf5 11. Re1 Bb4 12. Bd2 c6 13. Bc4 Bxc3 14. bxc3 Ne4 15. Rc1 Qf6 {1-0 (36) Vachier Lagrave,M (2789)-Caruana,F (2804) Paris 2016}) 7. Ba4 Be7 8. Nf3 O-O 9. d4 Nb6 10. Bc2 $146 ({Predecessor:} 10. Bb3 Nbxd5 11. Nxd5 Nxd5 12. O-O Bf5 13. Ne5 c6 {0-1 (47) Moeller,A-Aepfler,C (2170) Hermannen 1997}) 10... h6 11. O-O Nbxd5 12. a3 b6 13. Nxd5 Qxd5 14. Bb3 Qh5 15. Ne5 {Qxh5 is the strong threat.} Qxd1 16. Rxd1 Bb7 17. d5 Bd6 18. Nc6 Rfe8 19. Bd2 Bc5 {With the idea ...Re2.} 20. Bb4 Ne4 21. Bxc5 Nxc5 22. Bc4 Bxc6 23. dxc6 a5 24. b4 {The position is equal.} axb4 25. axb4 Rxa1 26. Rxa1 $11 {[%mdl 4096] Endgame KRB-KRN} Ne4 27. g3 Nd6 28. Bd3 g6 29. f4 Kg7 30. Kf2 Kf6 31. Ra7 Re7 32. Ra8 Ke6 33. Rd8 Kd5 34. b5 Kc5 35. g4 Kd4 36. Bf1 Re4 37. Kg3 Re3+ 38. Kf2 Re4 39. Kg3 Re1 40. Kf2 {Precision: White = 51%, Black = 63%.} 1/2-1/2

[Event "SRB-chT 1st League Women 2018"]
[Site "Zajecar"]
[Date "2018.09.04"]
[Round "5"]
[White "Injac, Teodora"]
[Black "Djukic, Sandra"]
[Result "*"]
[WhiteElo "2241"]
[BlackElo "2162"]
[Annotator "TA"]
[PlyCount "32"]
[EventDate "2018.08.31"]
[EventType "team-tourn"]
[EventCountry "SRB"]
[SourceTitle "playchess.com"]
[Source "ChessBase"]
[SourceQuality "1"]

{[%evp 10,11,39,44]} 1. d4 {[%cal Bd2d4,Bd4d5][%mdl 32]} Nf6 2. Nf3 e6 3. c4 b6 4. a3 Bb7 5. Nc3 Be7 6. d5 {Vorgänger:} O-O $146 7. e4 exd5 8. cxd5 Re8 9. Be2 Bf8 10. e5 Ng4 11. Bg5 Be7 12. Bf4 d6 13. O-O Nxe5 14. Nxe5 dxe5 15. Bxe5 Nd7 16. Bg3 Nf6 {½-½ (46) Mchedlishvili,M (2601)-Bu,X (2705) Doha 2016} *

[Event "SRB-chT 1st League Women 2018"]
[Site "Zajecar"]
[Date "2018.09.04"]
[Round "5"]
[White "Benderac, Ana"]
[Black "Milutinovic, Stefana"]
[Result "1-0"]
[WhiteElo "2239"]
[BlackElo "2149"]
[Annotator "TA"]
[PlyCount "75"]
[EventDate "2018.08.31"]
[EventType "team-tourn"]
[EventCountry "SRB"]
[SourceTitle "playchess.com"]
[Source "ChessBase"]
[SourceQuality "1"]

{[%evp 26,75,20,0,87,80,71,67,61,47,56,40,73,41,55,31,24,20,31,20,20,20,39,-71,57,31,56,48,43,44,67,84,172,180,170,188,472,467,457,435,992,963,2612,2405,29984,29985,29985,29986,29986,29986,29984,29985]} 1. d4 Nf6 2. c4 c5 3. d5 g6 4. Nc3 d6 5. e4 Bg7 6. h3 O-O 7. Nf3 e6 8. Bd3 exd5 9. cxd5 a6 10. a4 Nbd7 11. O-O Nh5 12. g4 Nhf6 13. Bf4 Qe7 14. Re1 {LiveBook: 5 Partien. A70: Benoni (Hauptsystem)} Ne5 $146 (14... h5 $11) ({Vorgänger:} 14... Ne8 15. Bf1 f6 16. Nd2 b6 17. Rb1 Ne5 18. Bg3 g5 19. b4 h5 20. f3 Qc7 21. Qb3 cxb4 22. Qxb4 {½-½ (42) Ezat,M (2479)-Khader,S (2380) Amman 2014}) 15. Nxe5 $16 dxe5 16. Be3 {Weiß steht besser.} b6 17. Be2 Ne8 18. Kg2 Kh8 19. Qb3 Qd6 20. Qa3 {a5 ist eine echte Drohung.} f5 21. f3 {Und weiter mit a5 wäre nett.} a5 22. Nb5 Qd8 23. Qc3 Nf6 24. Qc2 {[#]} (24. Qd3 $1 $14 {behält die Oberhand.}) 24... Ne8 ({Günstiger ist} 24... fxe4 $1 $17 25. fxe4 Qd7) 25. Red1 Nd6 26. Nxd6 Qxd6 27. b4 $36 {[%mdl 2048] Weiss drückt.} cxb4 28. Qc6 Qxc6 (28... Qb8 $16) 29. dxc6 $18 {[%cal Bd5c6,Bc6c7][%mdl 32]} fxe4 30. fxe4 Ba6 $2 (30... Bf6 31. Bc4 (31. Bxb6 Be6 $16) 31... Kg7) 31. Bxa6 Rxa6 32. c7 Bf6 (32... Raa8 $142 33. Bxb6 Bf6) 33. g5 Be7 34. Rd7 Bc5 35. Bxc5 {Weiß setzt Matt.} bxc5 36. Rd8 Ra8 37. Rxa8 Rxa8 {[#]} 38. Rd1 $1 {Precision: Weiß = 60%, Schwarz = 21%.} 1-0

[Event "SRB-chT 1st League Women 2018"]
[Site "Zajecar"]
[Date "2018.09.04"]
[Round "5"]
[White "Zarkovic, Mila"]
[Black "Chelushkina, Irina"]
[Result "1/2-1/2"]
[WhiteElo "2185"]
[BlackElo "2280"]
[Annotator "NA RC"]
[PlyCount "84"]
[EventDate "2018.08.31"]
[EventType "team-tourn"]
[EventCountry "SRB"]
[SourceTitle "playchess.com"]
[Source "ChessBase"]
[SourceQuality "1"]
[TimeControl "40/5400+30:1800+30"]

1. e4 {[%emt 0:00:00]} c6 {[%emt 0:00:00]} 2. d4 {[%emt 0:00:00]} Na6 {[%emt 0:00:00]} 3. Nc3 {[%emt 0:04:06]} Nc7 {[%emt 0:00:00]} 4. h4 {[%emt 0:07:38]} d5 {[%emt 0:00:35]} 5. e5 {[%emt 0:00:15]} h5 {[%emt 0:00:14]} 6. Be2 {[%emt 0:12:19]} g6 {[%emt 0:00:07]} 7. Be3 {[%emt 0:04:11]} Nh6 {[%emt 0:00:34]} 8. Qd2 {[%emt 0:00:47]} Nf5 {[%emt 0:00:58]} 9. Nf3 {[%emt 0:00:55]} Bh6 {[%emt 0:08:38]} 10. Bg5 {[%emt 0:05:10]} Ne6 {[%emt 0:02:36]} 11. O-O-O {[%emt 0:02:03]} Qa5 {[%emt 0:03:37]} 12. Kb1 {[%emt 0:02:57]} Bd7 {[%emt 0:00:50]} 13. Bxh6 {[%emt 0:08:32]} Nxh6 {[%emt 0:00:10]} 14. Ng5 {[%emt 0:00:26]} Nf5 {[%emt 0:05:27]} 15. Nxe6 {[%emt 0:02:36]} Bxe6 {[%emt 0:00:11]} 16. Bf3 {[%emt 0:17:37]} O-O-O {[%emt 0:00:49]} 17. Ne2 {[%emt 0:00:09]} Qxd2 {[%emt 0:02:03]} 18. Rxd2 {[%emt 0:00:01]} Ng7 {[%emt 0:02:55]} 19. Nf4 {[%emt 0:00:44]} Bf5 {[%emt 0:00:38]} 20. a4 {[%emt 0:01:40]} Kc7 {[%emt 0:01:06]} 21. b3 {[%emt 0:00:32]} a5 {[%emt 0:00:20]} 22. Kb2 {[%emt 0:00:11]} Ne6 {[%emt 0:03:12]} 23. Nxe6+ {[%emt 0:00:54]} Bxe6 {[%emt 0:00:37]} 24. Be2 {[%emt 0:05:54]} f6 {[%emt 0:03:29]} 25. f4 {[%emt 0:01:13]} fxe5 {[%emt 0:00:06]} 26. dxe5 {[%emt 0:01:10]} Bf5 {[%emt 0:00:34]} 27. Bf3 {[%emt 0:04:46]} e6 {[%emt 0:01:06]} 28. Be2 {[%emt 0:03:36]} Kb6 {[%emt 0:00:42]} 29. Rg1 {[%emt 0:02:34]} Kc5 {[%emt 0:01:14]} 30. c3 {[%emt 0:00:10]} Kb6 {[%emt 0:02:11]} 31. g3 {[%emt 0:02:25]} c5 {[%emt 0:00:43]} 32. Rgd1 {[%emt 0:01:27]} Rc8 {[%emt 0:00:37]} 33. Rg1 {[%emt 0:01:15]} Rc7 {[%emt 0:04:26]} 34. Rgd1 {[%emt 0:04:49]} Rhc8 {[%emt 0:00:42]} 35. c4 {[%emt 0:00:11]} d4 {[%emt 0:00:12]} 36. Bd3 {[%emt 0:01:12]} Rd7 {[%emt 0:02:29]} 37. Kc2 {[%emt 0:00:22]} Kc7 {[%emt 0:00:39]} 38. Rg1 {[%emt 0:01:09]} Rh8 {[%emt 0:00:11]} 39. Rh2 {[%emt 0:01:13]} Kd8 {[%emt 0:00:41]} 40. Kd2 {[%emt 0:00:00]} Rdh7 {[%emt 0:00:00]} 41. Re2 {[%emt 0:02:03]} Rd7 {[%emt 0:01:46]} 42. Rh2 $15 {[%emt 0:03:13]} Rdh7 1/2-1/2